21. Internationales Ost-West-Handels - Fachseminar 22. bis 26.3.1988

Na minha lista:
Detalhes bibliográficos
Formato: Livro
Idioma:alemão
Publicado em: Linz Gesellschaft für Ost- und Südostkunde 1988
Edição:1. Aufl.
Tags: Adicionar Tag
Sem tags, seja o primeiro a adicionar uma tag!

MARC

LEADER 00000nam a2200000 4500
001 c029381
005 20221219110719.2
041 0 |a ger 
044 |a AT 
245 1 0 |a 21. Internationales Ost-West-Handels - Fachseminar  |b 22. bis 26.3.1988 
250 |a 1. Aufl. 
264 1 |a Linz  |b Gesellschaft für Ost- und Südostkunde  |c 1988 
300 |a 249 s.